000 00434nam a2200181Ia 4500
001 22353
005 20260414150825.0
008 260414t2007||||xx |||||||||||||| ||spa||
041 _aESP
082 _a621.367
_bH53 2007
100 _aHill, F. S.
_eAUT
245 0 _aComputer graphics using openGL
_b
260 _c2007
300 _axxii, 778 páginas :
_c25 cm.
650 _aTCA
654 _aCET
942 _cLIB
_dJUS
_fJUS
_2ddc
_n
999 _c22353
_d22353